| 000 | 00604nam a22002292a 4500 | ||
|---|---|---|---|
| 999 |
_c7138 _d7138 |
||
| 001 | 7138 | ||
| 003 | UkOxU | ||
| 005 | 20180205131130.0 | ||
| 008 | 500101s1954 xx 000 0 eng d | ||
| 035 | _aOCLC ocm03574861 from D950811M | ||
| 040 |
_aTLM _cTLM _dUKM _dEQO |
||
| 041 | _aeng | ||
| 082 |
_a909 _bDAV 1973 |
||
| 100 | 1 | _aDavies, Herbert Abraham. | |
| 245 | 1 | 3 |
_aAn outline history of the world / _c Herbert Abraham Davies, |
| 250 | _a3rd ed | ||
| 260 |
_aOxford University Press : _bLondon, _c1954 |
||
| 300 |
_a576 p. : _c18cm. |
||
| 650 | _aWorld history | ||
| 942 |
_2ddc _cBK |
||